| 000 | 00933cam a2200301 a 4500 | ||
|---|---|---|---|
| 001 | 15733552 | ||
| 005 | 20180104050649.0 | ||
| 008 | 090511s2007 nyua j 001 0 eng d | ||
| 010 | _a 2009278308 | ||
| 020 | _a0439916585 | ||
| 020 | _a9780439916585 | ||
| 020 | _a1428756914 | ||
| 020 | _a9781428756915 | ||
| 035 | _a(OCoLC)ocn173148618 | ||
| 040 |
_aBKX _cBKX _dBAKER _dQ2Z _dBTCTA _dDLC |
||
| 041 | _aeng | ||
| 042 | _alccopycat | ||
| 080 | _a031.02 | ||
| 082 | 0 | 4 |
_a031.02 MOR _222 |
| 100 | 1 | _a39 | |
| 101 | _aREF | ||
| 245 | 1 | 0 |
_aScholastic book of world records, 2008 / _cby Jenifer Corr Morse. |
| 246 | 3 | 0 | _aBook of world records, 2008 |
| 246 | 3 | 0 | _aWorld records, 2008 |
| 906 |
_a7 _bcbc _ccopycat _d2 _encip _f20 _gy-gencatlg |
||
| 942 |
_2ddc _cBK |
||
| 999 |
_c39709 _d39709 |
||